000
00331cam a2200145ua 4500
041
_a
eng
_h
100
_a
pareak, o.p .
245
_a
Date palm Cultivation in India
260
_a
Delhi :
_b
Directorate of Extn. ,
_c
1995.
300
_a
; .
504
_a
700
1
_a
Athul, Chandra .
942
_c
BK
999
_c
12936
_d
12936